000 00378nam a2200157Ia 4500
005 20250423095633.0
008 250422s9999 xx 000 0 und d
020 _a9788131303344
050 _aTX 911.3 .C43/
100 _aChakravarti, B.K.
245 0 _aHotel management
260 _aNew Delhi
260 _bA.P.H. Publishing Corporation
260 _c2009
942 _cBK
999 _c30878
_d30878